[Event "Arctic Chess Challenge"]
[Site "Tromsoe"]
[Date "2009.08.06"]
[Round "6"]
[White "Forsaa, Espen"]
[Black "Tjoelsen, Katrine"]
[Result "1/2-1/2"]
[WhiteElo "2311"]
[BlackElo "2160"]
[PlyCount "84"]
[EventDate "2009.08.01"]
[EventType "swiss"]
[EventRounds "9"]
[EventCountry "NOR"]
[SourceTitle "CBM 131 Extra"]
[Source "ChessBase"]
[SourceDate "2009.09.03"]
[SourceVersion "2"]
[SourceVersionDate "2009.09.16"]
[SourceQuality "1"]

1. e4 c6 2. d4 d5 3. exd5 cxd5 4. c4 g6 5. Nc3 Nf6 6. cxd5 Nxd5 7. g3 Bg7 8. Bg2 Be6 9. Nf3 Nxc3 10. bxc3 Nc6 11. 0-0 0-0 12. h4 Bd5 13. Re1 Re8 14. Bf4 Rc8 15. Bh3 e6 16. Qd3 Qa5 17. h5 Ne7 18. hxg6 hxg6 19. Bd2 Bc4 20. Qe4 a6 21. Ng5 Bd5 22. Qf4 e5 23. dxe5 Rc4 24. Qe3 Bc6 25. e6 f6 26. Nf3 Qd5 27. Bg2 Nf5 28. Qe2 Qc5 29. Be3 Nxe3 30. Qxe3 Rxc3 31. Qxc5 Rxc5 32. Rad1 f5 33. Nh4 Kh7 34. Re2 Bf6 35. Nf3 Kg7 36. Ne1 Bxg2 37. Nxg2 Rc6 38. Nf4 Re7 39. Rd7 Rxd7 40. exd7 Rd6 41. Ne6+ Kf7 42. Nc5 b6 1/2-1/2